[Event "OLNO 1819 SK König Tegel II - TuS Makk"]
[Site "?"]
[Date "2019.01.20"]
[Round "5.2"]
[White "Dimitrijeski, Boris"]
[Black "Krefenstein, Sergej"]
[Result "1/2-1/2"]
[WhiteElo "2197"]
[BlackElo "2115"]
[PlyCount "104"]
[EventDate "2019.??.??"]

1. d4 Nf6 2. c4 e6 3. Nc3 Bb4 4. Qc2 d5 5. cxd5 Qxd5 6. e3 O-O 7. Bd2 Bxc3 8.
Bxc3 Bd7 9. Ne2 Nc6 10. Nf4 Qd6 11. Be2 Nb4 12. Qb3 Nbd5 13. Nxd5 Nxd5 14. Bd2
Bc6 15. O-O f5 16. Qc4 a6 17. Qb3 Rf6 18. Rfc1 Rh6 19. g3 Rg6 20. Bh5 Rf6 21.
Bf3 Raf8 22. Bg2 g5 23. a4 g4 24. Qa3 Qd7 25. Qc5 Bxa4 26. Bxd5 exd5 27. Qxc7
Qxc7 28. Rxc7 Bc6 29. Bb4 Re8 30. Kf1 Rf7 31. Rxf7 Kxf7 32. Ke1 Re6 33. Kd2 Rh6
34. Rh1 Ke8 35. Bc5 Kd7 36. Bf8 Rf6 37. Bg7 Rg6 38. Be5 Rh6 39. Bf4 Rh3 40. Kc3
Bb5 41. Kb4 b6 42. b3 Bc6 43. Be5 Kc8 44. f3 a5+ 45. Kc3 gxf3 46. Rf1 Rxh2 47.
Rxf3 Rh5 48. Rf4 Bd7 49. Rh4 Rxh4 50. gxh4 b5 51. h5 b4+ 52. Kb2 Kb7 1/2-1/2

[Event "OLNO 1819 SK König Tegel II - TuS Makk"]
[Site "?"]
[Date "2019.01.20"]
[Round "5.3"]
[White "Gazmaga, Stefan"]
[Black "Dimitrijeski, Kristian"]
[Result "0-1"]
[WhiteElo "2160"]
[BlackElo "2143"]
[PlyCount "60"]
[EventDate "2019.??.??"]

1. Nf3 d5 2. b3 Nf6 3. Bb2 Bf5 4. e3 e6 5. Be2 c5 6. O-O Nc6 7. Nh4 Bg6 8. d3
Nd7 9. Nxg6 hxg6 10. Nd2 Bd6 11. h3 O-O 12. c4 d4 13. a3 dxe3 14. fxe3 Qg5 15.
Rf3 Nde5 16. Rf4 f5 17. b4 cxb4 18. d4 bxa3 19. Bxa3 Bxa3 20. Rxa3 Nf7 21. Bf3
Qe7 22. Qb3 g5 23. d5 gxf4 24. dxc6 bxc6 25. exf4 Rfd8 26. Ra2 Qc5+ 27. Kf1 Qd4
28. c5 Qxf4 29. Nc4 Rab8 30. Qc2 Ng5 0-1

[Event "OLNO 1819 SK König Tegel II - TuS Makk"]
[Site "?"]
[Date "2019.01.20"]
[Round "5.4"]
[White "Jahnz, Fabian"]
[Black "Sawlin, Michail"]
[Result "1-0"]
[WhiteElo "2241"]
[BlackElo "2163"]
[PlyCount "69"]
[EventDate "2019.??.??"]

1. e4 e6 2. d4 d5 3. Nc3 Nf6 4. exd5 exd5 5. Bg5 Be7 6. Bd3 O-O 7. Qd2 c6 8.
O-O-O b5 9. Re1 Nbd7 10. Nf3 a5 11. h4 a4 12. h5 b4 13. Nb1 Ba6 14. Bxa6 Rxa6
15. Qe2 b3 16. axb3 Qa8 17. Qxe7 axb3 18. Bxf6 Nxf6 19. h6 bxc2 20. Nc3 Re8 21.
Qd6 Ne4 22. Nxe4 dxe4 23. Ne5 Ra1+ 24. Kxc2 Qa4+ 25. Kc3 Ra2 26. Nc4 c5 27.
dxc5 Qb5 28. Ra1 Rxb2 29. Nxb2 Rb8 30. Nc4 Qb3+ 31. Kd2 Qb4+ 32. Ke3 Qc3+ 33.
Kf4 g5+ 34. Kxg5 Re8 35. Qf6 1-0

[Event "OLNO 1819 SK König Tegel II - TuS Makk"]
[Site "?"]
[Date "2019.01.20"]
[Round "5.5"]
[White "Emig, Edgar"]
[Black "Kather, Yannick"]
[Result "0-1"]
[WhiteElo "2140"]
[BlackElo "2090"]
[PlyCount "92"]
[EventDate "2019.??.??"]

1. e4 c5 2. Nf3 Nc6 3. Bb5 g6 4. d4 cxd4 5. Bxc6 dxc6 6. Qxd4 Qxd4 7. Nxd4 Bg7
8. c3 Nf6 9. f3 Nd7 10. Be3 O-O 11. Nd2 Ne5 12. O-O-O c5 13. Nb5 Bd7 14. Nc7
Rac8 15. Nd5 Rfe8 16. f4 Nd3+ 17. Kc2 Bb5 18. c4 Nb4+ 19. Kb1 Nxd5 20. exd5 Bd7
21. h3 h5 22. Rhe1 Bf5+ 23. Kc1 b5 24. cxb5 Rb8 25. a4 a6 26. Bxc5 axb5 27. a5
Rec8 28. Nb3 Rxc5+ 29. Nxc5 Rc8 30. b4 Bc3 31. Re4 Bxe4 32. Nxe4 Bxb4+ 33. Kb2
Bxa5 34. Ra1 Rc4 35. Nf6+ exf6 36. Rxa5 Rc5 37. d6 Rd5 38. Kc2 Rxd6 39. Rxb5
Rd4 40. f5 Kg7 41. Rb3 Kh6 42. Rf3 Kg5 43. g3 h4 44. g4 Rf4 45. Re3 Rf2+ 46.
Kd3 Kf4 0-1

[Event "OLNO 1819 SK König Tegel II - TuS Makk"]
[Site "?"]
[Date "2019.01.20"]
[Round "5.6"]
[White "Niehaus, Frank"]
[Black "Fliter, Irena"]
[Result "1-0"]
[WhiteElo "2169"]
[BlackElo "2089"]
[PlyCount "85"]
[EventDate "2019.??.??"]

1. e4 c5 2. Nf3 Nc6 3. d4 cxd4 4. Nxd4 d6 5. Nc3 Nf6 6. Bg5 e6 7. Qd2 Be7 8.
O-O-O O-O 9. f4 Bd7 10. Ndb5 Nb4 11. Nxd6 Bc6 12. a3 a5 13. Bxf6 Bxf6 14. e5
Be7 15. axb4 axb4 16. Nb1 Ra1 17. Qxb4 Qa8 18. Bc4 Qa7 19. Rd3 Qf2 20. Qd2 Qc5
21. Ra3 Ra8 22. Rxa8+ Rxa8 23. Rd1 h6 24. Qd4 Qa5 25. Na3 b5 26. Bb3 Bd8 27.
Qc5 Bxg2 28. Qxb5 Qa7 29. Qe2 Bc6 30. Qg4 Qe3+ 31. Kb1 Bf3 32. Qg3 Bh4 33. Rd3
Qxd3 34. cxd3 Bxg3 35. hxg3 Rb8 36. Bc4 Kf8 37. Kc2 Ke7 38. Kc3 f6 39. b4 fxe5
40. fxe5 g5 41. Nc2 h5 42. Nd4 Bd5 43. Bxd5 1-0

[Event "OLNO 1819 SK König Tegel II - TuS Makk"]
[Site "?"]
[Date "2019.01.20"]
[Round "5.7"]
[White "Gorodetski, Grigori"]
[Black "Lorenz, Sascha"]
[Result "0-1"]
[WhiteElo "1895"]
[BlackElo "2247"]
[PlyCount "80"]
[EventDate "2019.??.??"]

1. d4 Nf6 2. Nc3 d5 3. Bg5 Nbd7 4. Nf3 c6 5. e3 Qb6 6. Na4 Qa5+ 7. c3 b5 8. Nc5
Nxc5 9. dxc5 b4 10. Qd4 bxc3 11. b4 Qa3 12. Bd3 Nd7 13. e4 Rb8 14. Rb1 f6 15.
Bc1 Qxa2 16. Qxc3 e5 17. Ra1 d4 18. Rxa2 dxc3 19. Rxa7 Rxb4 20. Ra8 Rb8 21.
Rxb8 Nxb8 22. Be3 Na6 23. Ke2 Nxc5 24. Rc1 Nxd3 25. Kxd3 Bb4 26. Kc4 Bd6 27.
Kxc3 Ke7 28. Ra1 Bd7 29. Ne1 Rb8 30. Nd3 Rb5 31. Ra7 g6 32. Ra8 h5 33. g3 Bg4
34. Ra7+ Ke6 35. f4 Bf3 36. Nf2 Bb4+ 37. Kd3 Be1 38. Ra3 Rb2 39. f5+ gxf5 40.
exf5+ Kxf5 0-1

[Event "OLNO 1819 SK König Tegel II - TuS Makk"]
[Site "?"]
[Date "2019.01.20"]
[Round "5.8"]
[White "Wierzbicki, Jirawat"]
[Black "Schmidt, Jevgen"]
[Result "1-0"]
[WhiteElo "2141"]
[BlackElo "1887"]
[PlyCount "91"]
[EventDate "2019.??.??"]

1. e4 d6 2. d4 Nf6 3. Bd3 e5 4. c3 Be7 5. Nf3 Nbd7 6. O-O O-O 7. Re1 c6 8. a4
a5 9. Nbd2 Nh5 10. dxe5 dxe5 11. Nc4 Qc7 12. Be3 Rd8 13. Qc2 Nf4 14. Bxf4 exf4
15. e5 g6 16. e6 fxe6 17. Bxg6 Nf6 18. Ng5 Bf8 19. Bf7+ Kh8 20. Bxe6 Re8 21.
Qf5 Qe7 22. Re5 Qg7 23. Nf7+ Qxf7 24. Bxf7 Bxf5 25. Bxe8 Bd3 26. Bf7 Kg7 27.
Be6 Re8 28. Nd2 Bd6 29. Ree1 Bc5 30. Bc4 Rd8 31. Bxd3 Rxd3 32. Nb3 Bb6 33. Rad1
Rxd1 34. Rxd1 Ne4 35. Rd7+ Kg6 36. Rxb7 Bxf2+ 37. Kf1 Be3 38. Nxa5 Nc5 39. Rc7
Nxa4 40. Rxc6+ Kf5 41. b3 Nc5 42. b4 Ne4 43. b5 Bd2 44. b6 f3 45. gxf3 Nxc3 46.
b7 1-0

[Event "OLNO 1819 SC Weisse Dame - SC Empor Pot"]
[Site "?"]
[Date "2019.01.20"]
[Round "5.1"]
[White "Penzold, Andreas"]
[Black "Moeller, Hendrik"]
[Result "0-1"]
[WhiteElo "2404"]
[BlackElo "2242"]
[PlyCount "108"]
[EventDate "2019.??.??"]

1. c4 e5 2. Nc3 Nc6 3. g3 Nf6 4. Bg2 Bc5 5. Nf3 d6 6. O-O a6 7. d3 h6 8. e3 Ba7
9. d4 exd4 10. Nxd4 Nxd4 11. exd4 O-O 12. Qd3 Rb8 13. a4 Qd7 14. Ne4 Qf5 15.
Bd2 Kh8 16. d5 Ng4 17. Ba5 Qh5 18. h4 Ne5 19. Qc3 b6 20. Bb4 Bg4 21. Nxd6 Nf3+
22. Bxf3 Bxf3 23. Rfe1 a5 24. Ba3 cxd6 25. Bxd6 Rfd8 26. Bxb8 Bxb8 27. Re3 Bg4
28. Qd4 Qg6 29. Rb3 Bc7 30. Re1 Bd7 31. c5 bxc5 32. Qxc5 Qd6 33. Qc4 Bb6 34.
Kg2 Bc5 35. Rf3 Bb4 36. Ra1 Kg8 37. b3 Bc8 38. Qc6 Qxd5 39. Qxd5 Rxd5 40. Rc1
Be6 41. Rc7 Rd2 42. Re3 h5 43. Kg1 Rb2 44. Rd3 Bxb3 45. Rd8+ Kh7 46. Kg2 Be6
47. Rb7 Ra2 48. Rbb8 Be1 49. Rh8+ Kg6 50. Rb5 Bg4 51. Rg5+ Kf6 52. Ra8 Bxf2 53.
Raxa5 Be3+ 54. Kf1 Bxg5 0-1

[Event "OLNO 1819 SC Weisse Dame - SC Empor Pot"]
[Site "?"]
[Date "2019.01.20"]
[Round "5.2"]
[White "Waldmann, Hans-Joachim"]
[Black "Hansch, Karsten"]
[Result "0-1"]
[WhiteElo "2297"]
[BlackElo "2292"]
[PlyCount "96"]
[EventDate "2019.??.??"]

1. c4 Nf6 2. Nc3 g6 3. g3 Bg7 4. Bg2 O-O 5. Nf3 d6 6. O-O Nc6 7. Rb1 a5 8. a3
Bg4 9. b4 axb4 10. axb4 Qc8 11. b5 Bxf3 12. Bxf3 Ne5 13. d3 Nxf3+ 14. exf3 c6
15. Re1 Re8 16. Kg2 d5 17. Qb3 Qf5 18. Nd1 d4 19. Ba3 c5 20. b6 Nd7 21. Nb2 Ra5
22. Ra1 e6 23. Re4 Rea8 24. Nd1 Qf6 25. Re2 Qd8 26. Rb2 R8a6 27. f4 Qa8 28.
Rba2 Nb8 29. f3 Nc6 30. Nf2 Bf8 31. Ne4 Nb4 32. h4 Nxa2 33. Bb2 Nb4 34. Rh1 Ra2
35. Kh3 Be7 36. h5 R6a3 37. Bxa3 Qxa3 38. Rb1 Qxb3 39. Rxb3 f5 40. Ng5 Bxg5 41.
fxg5 gxh5 42. g6 hxg6 43. Kh4 Kf7 44. Kg5 e5 45. g4 hxg4 46. fxg4 Rg2 47. Kh6
Rxg4 48. Ra3 Rh4+ 0-1

[Event "OLNO 1819 SC Weisse Dame - SC Empor Pot"]
[Site "?"]
[Date "2019.01.20"]
[Round "5.3"]
[White "Hansch, Stephan"]
[Black "Pfeffer, Ruprecht"]
[Result "1-0"]
[WhiteElo "2206"]
[BlackElo "2255"]
[PlyCount "77"]
[EventDate "2019.??.??"]

1. d4 Nf6 2. Nf3 g6 3. c4 Bg7 4. Nc3 d5 5. e3 O-O 6. Qb3 dxc4 7. Bxc4 c5 8. d5
a6 9. a4 Nbd7 10. O-O Ne8 11. e4 Nd6 12. Bf4 Qa5 13. Bd3 Qb4 14. Nd2 Ne5 15.
Bxe5 Bxe5 16. Qxb4 cxb4 17. Nd1 f5 18. Nf3 Bf4 19. e5 Ne4 20. g3 Bh6 21. Ne3
Nc5 22. Bc4 f4 23. d6+ e6 24. Nc2 fxg3 25. fxg3 Bd7 26. Nxb4 a5 27. Nc2 Nxa4
28. Bxe6+ Bxe6 29. Rxa4 Bd5 30. Nfd4 Rxf1+ 31. Kxf1 b5 32. Ra1 b4 33. b3 Bg7
34. Re1 a4 35. Nxb4 Bxb3 36. Nxb3 axb3 37. d7 Bh6 38. Rb1 Bg7 39. Nc6 1-0

[Event "OLNO 1819 SC Weisse Dame - SC Empor Pot"]
[Site "?"]
[Date "2019.01.20"]
[Round "5.4"]
[White "Abraham, Ingo"]
[Black "Schoene, Ralf"]
[Result "0-1"]
[WhiteElo "2208"]
[BlackElo "2251"]
[PlyCount "76"]
[EventDate "2019.??.??"]

1. d4 Nf6 2. c4 d6 3. Nc3 g6 4. e4 Bg7 5. Nf3 O-O 6. Be2 e5 7. O-O Nc6 8. d5
Ne7 9. b4 a5 10. Ba3 axb4 11. Bxb4 b6 12. a4 Ne8 13. Nd2 c5 14. dxc6 Nxc6 15.
Ba3 Nd4 16. Bd3 Nc7 17. Nb3 Nce6 18. Nxd4 exd4 19. Nb5 Nc5 20. Bb2 Bd7 21. Bxd4
Bxd4 22. Nxd4 Rxa4 23. Rxa4 Bxa4 24. Bc2 Bd7 25. Qd2 Qf6 26. Rd1 Ra8 27. f3 Ra2
28. Qc1 Be6 29. Bb1 Ra4 30. Nxe6 Qxe6 31. Qb2 Qxc4 32. Rxd6 Ne6 33. Rxb6 Qc5+
34. Qf2 Rd4 35. Rb8+ Kg7 36. Qb2 Kh6 37. Kf1 Rd1+ 38. Ke2 Qg1 0-1

[Event "OLNO 1819 SC Weisse Dame - SC Empor Pot"]
[Site "?"]
[Date "2019.01.20"]
[Round "5.5"]
[White "Trenner, Rolf"]
[Black "Uhl, Heinz"]
[Result "1-0"]
[WhiteElo "2162"]
[BlackElo "2138"]
[PlyCount "96"]
[EventDate "2019.??.??"]

1. d4 c5 2. c3 cxd4 3. cxd4 Nf6 4. Nc3 e6 5. Nf3 d5 6. Bg5 h6 7. Bh4 Nc6 8. e3
Bb4 9. Bd3 g5 10. Bg3 Ne4 11. Bxe4 dxe4 12. Nd2 e5 13. dxe5 Bxc3 14. bxc3 Qd3
15. Rc1 h5 16. h3 h4 17. Bh2 Be6 18. Qc2 O-O-O 19. Nxe4 Qxc2 20. Rxc2 Bf5 21.
f3 Rhe8 22. Rd2 Bxe4 23. fxe4 Rxd2 24. Kxd2 Nxe5 25. Rf1 Re7 26. Rf5 f6 27.
Rxf6 g4 28. Bxe5 gxh3 29. Bh2 Rg7 30. Ke2 hxg2 31. Kf2 h3 32. Kg1 Rg4 33. Bf4
h2+ 34. Bxh2 Rxe4 35. Bf4 Ra4 36. Kxg2 Rxa2+ 37. Kf3 Rc2 38. Be5 Kd7 39. Ke4 a5
40. Rb6 Kc8 41. Kd3 Rg2 42. Rb5 a4 43. Ra5 Ra2 44. Kc4 b6 45. Ra7 Rb2 46. Kd3
b5 47. Bd6 Rb1 48. Bb4 Rd1+ 1-0

[Event "OLNO 1819 SC Weisse Dame - SC Empor Pot"]
[Site "?"]
[Date "2019.01.20"]
[Round "5.6"]
[White "Venske, Kai-Gerrit"]
[Black "Wuttke, Hans"]
[Result "1-0"]
[WhiteElo "2181"]
[BlackElo "2157"]
[PlyCount "71"]
[EventDate "2019.??.??"]

1. d4 d6 2. Nf3 Bg4 3. e4 Nd7 4. Be3 Ngf6 5. Nbd2 c6 6. h3 Bxf3 7. Qxf3 g6 8.
Bc4 Bg7 9. O-O O-O 10. Bb3 Qc7 11. c3 b5 12. Qe2 Nb6 13. Bg5 e5 14. Rac1 Qb7
15. dxe5 dxe5 16. Qf3 Ne8 17. Qd3 h6 18. Be3 Nf6 19. f4 Rad8 20. Qe2 exf4 21.
Rxf4 Qd7 22. Rd1 Nh5 23. Rf3 Qe7 24. Bxb6 axb6 25. Rdf1 Nf6 26. Qf2 Qc5 27. Kh1
Rd7 28. Rxf6 Bxf6 29. Qxf6 Qg5 30. Qxg5 hxg5 31. Nf3 c5 32. Bd5 g4 33. Ne5 Rd6
34. hxg4 g5 35. Rf5 Kh7 36. Nxf7 1-0

[Event "OLNO 1819 SC Weisse Dame - SC Empor Pot"]
[Site "?"]
[Date "2019.01.20"]
[Round "5.7"]
[White "Bachmann, Volker"]
[Black "Mohrmann, Ralf"]
[Result "1/2-1/2"]
[WhiteElo "2132"]
[BlackElo "2054"]
[PlyCount "43"]
[EventDate "2019.??.??"]

1. d4 Nf6 2. c4 g6 3. Nc3 Bg7 4. e4 d6 5. f4 O-O 6. Nf3 Na6 7. Be2 e5 8. dxe5
dxe5 9. Nxe5 Nc5 10. Bf3 Qxd1+ 11. Kxd1 Be6 12. Kc2 Rad8 13. Be3 Ncxe4 14. Nxe4
Bf5 15. Bc5 Nxe4 16. Bxf8 Nf2+ 17. Kb3 Bxe5 18. fxe5 Nxh1 19. c5 b6 20. Rxh1
bxc5 21. Rd1 Rxd1 22. Bxd1 1/2-1/2

[Event "OLNO 1819 SC Weisse Dame - SC Empor Pot"]
[Site "?"]
[Date "2019.01.20"]
[Round "5.8"]
[White "Mahn, Franko"]
[Black "Germann, Heike"]
[Result "1/2-1/2"]
[WhiteElo "2146"]
[BlackElo "2071"]
[PlyCount "66"]
[EventDate "2019.??.??"]

1. c4 Nf6 2. Nc3 g6 3. g3 Bg7 4. Bg2 O-O 5. e4 d6 6. Nge2 e5 7. O-O Nc6 8. d3
Nd7 9. f4 exf4 10. gxf4 f5 11. exf5 Rxf5 12. d4 Rf8 13. d5 Ne7 14. Nd4 Bxd4+
15. Qxd4 Nf5 16. Qd3 Nf6 17. Bd2 Bd7 18. Ne4 Nxe4 19. Bxe4 Ng7 20. Bc3 Rf7 21.
Qd4 Qf8 22. Rf2 Bf5 23. Bg2 b6 24. Re1 Re8 25. Rfe2 Rxe2 26. Rxe2 Re7 27. Rxe7
Qxe7 28. Bf3 h5 29. Kg2 Kf8 30. Kg1 Kg8 31. Kg2 Kf8 32. Kg1 Kg8 33. Kg2 Kf8
1/2-1/2

[Event "OLNO 1819 SV Empor Berlin - SG Güstrow-"]
[Site "?"]
[Date "2019.01.20"]
[Round "5.1"]
[White "Waschk, Armin"]
[Black "Thinius, Marco"]
[Result "0-1"]
[WhiteElo "2134"]
[BlackElo "2399"]
[PlyCount "124"]
[EventDate "2019.??.??"]

1. e4 c5 2. Nf3 e6 3. d4 cxd4 4. Nxd4 Nc6 5. Nb5 d6 6. Bf4 e5 7. Be3 Nf6 8. Bd3
Be7 9. O-O O-O 10. c4 Ng4 11. Bc1 a6 12. N5a3 Bg5 13. Nc3 Be6 14. Nc2 Rc8 15.
Qe2 Bxc1 16. Raxc1 Qg5 17. f3 Nf6 18. Qe3 Qxe3+ 19. Nxe3 Nd4 20. Ncd5 Bxd5 21.
cxd5 b5 22. Rc3 Rc5 23. Rxc5 dxc5 24. b3 Rc8 25. g3 Nd7 26. f4 f6 27. Kf2 Kf7
28. Rc1 Re8 29. Rb1 exf4 30. gxf4 g5 31. fxg5 fxg5 32. Rc1 Ke7 33. Nc2 Rf8+ 34.
Kg2 Nxc2 35. Bxc2 Kd6 36. a4 b4 37. a5 Ne5 38. Rb1 Rf4 39. h3 h6 40. Re1 h5 41.
Bd1 h4 42. Re3 c4 43. bxc4 Nxc4 44. Re1 Ke5 45. Bc2 Nxa5 46. Ra1 Nc4 47. Kg1
Nd6 48. Rxa6 Nxe4 49. Bxe4 Rxe4 50. d6 Rd4 51. Rb6 Kf4 52. Kf2 g4 53. hxg4 h3
54. d7 Rd2+ 55. Ke1 Rxd7 56. Rxb4+ Kg3 57. Ke2 Re7+ 58. Kf1 Rf7+ 59. Ke2 h2 60.
Rb1 Re7+ 61. Kd3 Kxg4 62. Kd4 Rh7 0-1

[Event "OLNO 1819 SV Empor Berlin - SG Güstrow-"]
[Site "?"]
[Date "2019.01.20"]
[Round "5.2"]
[White "Foerster, Jonas"]
[Black "Klatt, Jan"]
[Result "1/2-1/2"]
[WhiteElo "2295"]
[BlackElo "2139"]
[PlyCount "86"]
[EventDate "2019.??.??"]

1. Nf3 Nf6 2. d4 c5 3. d5 g6 4. c4 Bg7 5. Nc3 d6 6. e4 O-O 7. Be2 e6 8. O-O
exd5 9. exd5 Re8 10. h3 Na6 11. Re1 Bf5 12. a3 Nc7 13. Bf4 Ne4 14. Nxe4 Bxe4
15. Bg5 Bf6 16. Bxf6 Qxf6 17. Qd2 b5 18. Nh2 h5 19. b4 bxc4 20. Bxc4 Qd4 21.
Qxd4 cxd4 22. Red1 Nxd5 23. Rxd4 Nb6 24. Bb5 Re6 25. Rc1 a5 26. f3 Bd5 27. a4
Bb3 28. Bc6 Ra7 29. bxa5 Nd7 30. Rb4 Nc5 31. Rb1 d5 32. Bb5 Bc4 33. a6 Nd3 34.
Rxc4 dxc4 35. Bxc4 Re1+ 36. Rxe1 Nxe1 37. Nf1 Nc2 38. Nd2 Nb4 39. Ne4 Nxa6 40.
a5 Nc5 41. Kh2 Rxa5 42. Bxf7+ Kxf7 43. Nxc5 Rxc5 1/2-1/2

[Event "OLNO 1819 SV Empor Berlin - SG Güstrow-"]
[Site "?"]
[Date "2019.01.20"]
[Round "5.3"]
[White "Fidorra, Thomas"]
[Black "Urban, Julian"]
[Result "1-0"]
[WhiteElo "2063"]
[BlackElo "2245"]
[PlyCount "69"]
[EventDate "2019.??.??"]

1. e4 e6 2. d4 d5 3. exd5 exd5 4. Bd3 Nf6 5. Ne2 Be7 6. O-O O-O 7. h3 c5 8.
dxc5 Bxc5 9. Nd2 Nc6 10. Nf3 Ne4 11. c3 Qb6 12. Ned4 Bxd4 13. Nxd4 Nxd4 14.
cxd4 Bf5 15. Be3 Rfe8 16. Qf3 Bg6 17. h4 Nf6 18. Bf5 Bxf5 19. Qxf5 Rac8 20.
Rac1 Rxc1 21. Rxc1 Qxb2 22. Rc8 Qb5 23. Rc5 Qa4 24. Kh2 h5 25. Rc7 Qa5 26. Bf4
Qe1 27. Be5 Ng4+ 28. Kg3 Nxe5 29. dxe5 Qxe5+ 30. Qxe5 Rxe5 31. Rxb7 a5 32. Rb5
a4 33. Rb4 Kf8 34. Rxa4 Ke7 35. Ra3 1-0

[Event "OLNO 1819 SV Empor Berlin - SG Güstrow-"]
[Site "?"]
[Date "2019.01.20"]
[Round "5.4"]
[White "Meissner, Hans-Juergen"]
[Black "Muench, Robert"]
[Result "0-1"]
[WhiteElo "2232"]
[BlackElo "1999"]
[PlyCount "86"]
[EventDate "2019.??.??"]

1. d4 d5 2. c4 dxc4 3. Nf3 c5 4. Nc3 cxd4 5. Qxd4 Qxd4 6. Nxd4 e5 7. Ndb5 Na6
8. e4 Be6 9. Be3 Bb4 10. f3 Ne7 11. O-O-O O-O 12. Nxa7 Bc5 13. Bxc5 Nxc5 14.
Nab5 Rfc8 15. Be2 Na4 16. Rd2 Nxc3 17. Nxc3 Nc6 18. Kb1 Nd4 19. Bd1 b6 20. a3
Ra5 21. Na2 f6 22. Re1 Kf7 23. Re3 g5 24. Nb4 Ra7 25. Rc3 Rg8 26. Rf2 Rd7 27.
Bc2 Rgd8 28. Bd1 Rg8 29. Bc2 g4 30. f4 exf4 31. Bd1 g3 32. hxg3 fxg3 33. Rf1
Rg5 34. Rh1 Kg6 35. Bc2 Ne2 36. Re3 Nf4 37. Rf1 Nxg2 38. Ref3 Rf7 39. Rg1 Bh3
40. Nd5 Kg7 41. Nc3 h5 42. Ne2 h4 43. Nd4 Rd7 0-1

[Event "OLNO 1819 SV Empor Berlin - SG Güstrow-"]
[Site "?"]
[Date "2019.01.20"]
[Round "5.5"]
[White "Dettmann, Gerd"]
[Black "Nitsche-Hahn, Raphael"]
[Result "1/2-1/2"]
[WhiteElo "2130"]
[BlackElo "2038"]
[PlyCount "131"]
[EventDate "2019.??.??"]

1. e4 c5 2. Nf3 Nc6 3. Bb5 Nf6 4. Bxc6 dxc6 5. d3 g6 6. O-O Bg7 7. Nc3 O-O 8.
Bg5 h6 9. Bf4 Ne8 10. Qd2 Kh7 11. Be5 f6 12. Bg3 Nc7 13. Ne1 e5 14. f4 exf4 15.
Bxf4 Ne6 16. Be3 Nd4 17. Nd1 b6 18. c3 Ne6 19. Nf3 Ba6 20. Nf2 f5 21. exf5 Rxf5
22. Rad1 Qd5 23. Rfe1 Raf8 24. Qe2 Nf4 25. Bxf4 Rxf4 26. Qe6 g5 27. h3 R4f7 28.
Re3 b5 29. Rd2 Bc8 30. Qxd5 cxd5 31. Rde2 Bf5 32. Re7 a5 33. Rxf7 Rxf7 34. d4
b4 35. Ne5 Re7 36. Kf1 Bb1 37. a3 cxd4 38. cxd4 bxa3 39. bxa3 Rb7 40. Re3 a4
41. Nd1 Rb3 42. Ke2 Be4 43. g3 Bf8 44. Nd7 Bxa3 45. Nf6+ Kg6 46. Nxe4 Rxe3+ 47.
Kxe3 dxe4 48. Nc3 Bc1+ 49. Kxe4 a3 50. g4 Bb2 51. Na2 Kf6 52. Kd5 Ke7 53. Kc4
Kd6 54. Nb4 Bc1 55. Na2 Bd2 56. Kd3 Be1 57. Kc4 Ba5 58. Nc1 Bd8 59. Na2 Be7 60.
Nb4 Kd7 61. Na2 Kc6 62. Nc3 Kb6 63. Na2 Ka5 64. Nc3 Bb4 65. Na2 Bd2 66. Kd3
1/2-1/2

[Event "OLNO 1819 SV Empor Berlin - SG Güstrow-"]
[Site "?"]
[Date "2019.01.20"]
[Round "5.6"]
[White "Schabe, Felix"]
[Black "Luther, Alexander"]
[Result "1/2-1/2"]
[WhiteElo "1907"]
[BlackElo "2058"]
[PlyCount "135"]
[EventDate "2019.??.??"]

1. Nf3 d5 2. d4 Nf6 3. c4 e6 4. g3 Be7 5. Bg2 O-O 6. O-O dxc4 7. Qc2 a6 8. Rd1
Nbd7 9. a4 c5 10. Na3 Nd5 11. dxc5 Bxc5 12. Ng5 N5f6 13. Nxc4 Qc7 14. b4 Bxb4
15. Bf4 e5 16. Rxd7 Qxd7 17. Rd1 Qe8 18. Bxe5 h6 19. Bxf6 hxg5 20. Bxg5 Be7 21.
Bf4 Bd7 22. Nb6 Rd8 23. Bxb7 Be6 24. Rb1 Bd6 25. Bxd6 Rxd6 26. Bxa6 Qd8 27. a5
Rd2 28. Qc5 Bh3 29. Bd3 Rxd3 30. exd3 Qxd3 31. Re1 Rd8 32. Nc4 Qf3 33. Ne3 Re8
34. Qc2 Bc8 35. Qe2 Qc6 36. Qc2 Qf3 37. Qe2 Qc6 38. f3 Ba6 39. Qf2 Bb7 40. Kg2
Ra8 41. Nf5 Qc3 42. Re7 Bd5 43. g4 g6 44. Re3 Qc4 45. Ne7+ Kh7 46. Qh4+ Kg7 47.
Qg5 Be6 48. Qe5+ Kh7 49. h4 Qa2+ 50. Kg3 Qxa5 51. h5 Qxe5+ 52. Rxe5 gxh5 53.
Rxh5+ Kg7 54. Nc6 Kg6 55. Nd4 Bc4 56. Rc5 Ra4 57. Rc6+ Kh7 58. Rd6 Ba2 59. Kf4
Ra5 60. Kg3 Rd5 61. Rxd5 Bxd5 62. Kf4 Kg6 63. Ke5 Bc4 64. f4 f6+ 65. Kd6 Bf1
66. Nf5 Be2 67. Ne3 Bxg4 68. Nxg4 1/2-1/2

[Event "OLNO 1819 SV Empor Berlin - SG Güstrow-"]
[Site "?"]
[Date "2019.01.20"]
[Round "5.7"]
[White "Kiel, Bernd"]
[Black "Welz, Peter"]
[Result "0-1"]
[WhiteElo "1978"]
[BlackElo "2001"]
[PlyCount "76"]
[EventDate "2019.??.??"]

1. e4 e6 2. d4 d5 3. Nd2 c5 4. Ngf3 Nc6 5. exd5 exd5 6. dxc5 Bxc5 7. Nb3 Bb6 8.
c3 Nge7 9. Be2 O-O 10. Bg5 Qd6 11. O-O h6 12. Bxe7 Nxe7 13. Re1 Bg4 14. Nfd4
Bxe2 15. Qxe2 Ng6 16. Nf5 Qf6 17. Nbd4 Rad8 18. Rad1 Rd7 19. Qg4 Rfd8 20. Re2
Qg5 21. Qxg5 hxg5 22. g3 f6 23. Kg2 Ne5 24. Ne6 Rc8 25. Nexg7 Rxg7 26. Nxg7
Kxg7 27. Rxd5 Kg6 28. f4 gxf4 29. gxf4 Nc4 30. Kf3 Rh8 31. Rg2+ Kf7 32. Rd7+
Ke6 33. Rxb7 Kf5 34. b3 Rh3+ 35. Rg3 Rxh2 36. Rgg7 Nd2+ 37. Kg3 Nf1+ 38. Kf3
Rf2# 0-1

[Event "OLNO 1819 SV Empor Berlin - SG Güstrow-"]
[Site "?"]
[Date "2019.01.20"]
[Round "5.8"]
[White "Silz, Elisa"]
[Black "Dettmann, Holger"]
[Result "1/2-1/2"]
[WhiteElo "1994"]
[BlackElo "2020"]
[PlyCount "80"]
[EventDate "2019.??.??"]

1. d4 Nf6 2. Nf3 d5 3. c4 e6 4. Nc3 Be7 5. Bg5 Ne4 6. Bxe7 Qxe7 7. Rc1 O-O 8.
e3 c6 9. Bd3 f5 10. O-O Nd7 11. Bxe4 fxe4 12. Ne5 Rf5 13. f4 exf3 14. Nxf3 dxc4
15. e4 Rf8 16. e5 Nb6 17. Ne4 Bd7 18. Nfd2 Rxf1+ 19. Qxf1 Rf8 20. Qe2 Qh4 21.
Rf1 Rxf1+ 22. Qxf1 Be8 23. g3 Qh6 24. Qf2 Nd5 25. Nd6 Bg6 26. Nxb7 Bf5 27. Nd6
Qg5 28. Nxf5 exf5 29. Nxc4 Qc1+ 30. Qf1 Qc2 31. b3 Qe4 32. Qf2 Qb1+ 33. Kg2
Qe4+ 34. Qf3 Qc2+ 35. Kg1 Qb1+ 36. Qf1 Qe4 37. Qf2 Qb1+ 38. Kg2 Qe4+ 39. Qf3
Qc2+ 40. Kg1 Qb1+ 1/2-1/2

[Event "OLNO 1819 SC Kreuzberg - TuS Makkabi Be"]
[Site "?"]
[Date "2019.02.03"]
[Round "6.1"]
[White "Kiesekamp, Marcos"]
[Black "Glantz, Robert"]
[Result "0-1"]
[WhiteElo "2304"]
[BlackElo "2327"]
[PlyCount "66"]
[EventDate "2019.??.??"]

1. d4 Nf6 2. c4 e6 3. Nc3 d5 4. cxd5 exd5 5. Bg5 c6 6. Qc2 Be7 7. e3 Nbd7 8.
Bd3 h6 9. Bf4 Nh5 10. Nge2 Nxf4 11. Nxf4 Nf6 12. O-O O-O 13. Rad1 Bd6 14. Rfe1
Qc7 15. g3 Bg4 16. Be2 Bxe2 17. Ncxe2 Rfe8 18. Nd3 Re7 19. Nc3 Rae8 20. b4 Qd7
21. Kg2 h5 22. Nc5 Qg4 23. Qe2 Qg5 24. b5 h4 25. bxc6 bxc6 26. Nd3 Nh5 27. g4
f5 28. h3 f4 29. Kf1 Rxe3 30. Qd2 Rf8 31. gxh5 Rxh3 32. Ne5 Qf5 33. Qc1 f3 0-1

[Event "OLNO 1819 SC Kreuzberg - TuS Makkabi Be"]
[Site "?"]
[Date "2019.02.03"]
[Round "6.2"]
[White "Thesing, Matthias"]
[Black "Krefenstein, Sergej"]
[Result "1-0"]
[WhiteElo "2320"]
[BlackElo "2115"]
[PlyCount "69"]
[EventDate "2019.??.??"]

1. e4 c6 2. c4 d5 3. exd5 cxd5 4. cxd5 Nf6 5. Nc3 g6 6. Bc4 a6 7. a4 Bg7 8. Nf3
Nbd7 9. O-O O-O 10. Re1 Nb6 11. Qb3 Nxc4 12. Qxc4 e6 13. d4 Nxd5 14. Bg5 Qb6
15. Nxd5 exd5 16. Qxd5 Be6 17. Qc5 Qxc5 18. dxc5 Rfc8 19. Be7 Bxb2 20. Rab1 Ba3
21. c6 Bxe7 22. cxb7 Rab8 23. bxc8=Q+ Rxc8 24. Nd4 Ba2 25. Rbc1 Rxc1 26. Rxc1
Bf6 27. Nc6 Bb3 28. a5 Kg7 29. Nb8 Bd8 30. Rc5 Kf6 31. Nxa6 Ke6 32. Rc3 Bd5 33.
Nc7+ Kd6 34. Nxd5 Bxa5 35. Rd3 1-0